00278pab a2200109 454500008004000000245004900040260000900089300000900098362001100107650003900118773001100157180718b1985 xxu||||| |||| 00| 0 eng d aPerformance of public enterprises in 1983-84 c1985 a28-9 a16 May aPersonnel, Public - Service Rating aYojana